EL LIBRO DE LOS ESPIRITUS : LOS PRINCIPIOS DE LA DOCTRINA ESPIRITISTA /

Gespeichert in:
Bibliographische Detailangaben
1. Verfasser: Kardec, Allan (autor)
Format: Buch
Ausgabe:19a edición
Schlagworte:
Tags: Tag hinzufügen
Keine Tags, Fügen Sie das erste Tag hinzu!

MARC

LEADER 00000nam^a2200000^a^4500
001 000248525
005 20250521000000.0
009 20260310105653.445
020 |a 950-17-1309-1 
035 |a 072197 
037 |a Acervo Xavier Clavigero 
082 |a 133. 9  |b KAR 
100 |a Kardec, Allan  |e (autor) 
245 1 3 |a EL LIBRO DE LOS ESPIRITUS :  |b LOS PRINCIPIOS DE LA DOCTRINA ESPIRITISTA /  |c ALLAN KARDEC 
250 |a 19a edición 
264 |a BUENOS AIRES :  |b KIER,  |c 2002 
300 |a 277 p. 
336 |a texto  |b txt  |2 rdacontenido 
337 |a sin mediación  |b n  |2 rdamedio 
338 |a volumen  |b nc  |2 rdasoporte 
649 |a XX 
650 |a Espiritismo 
650 |a Médiums 
910 |a Fondo General 
920 |a Impresos - Libros 
930 |a Colección General 
905 |a 101 
901 |a 072197  |b IT1  |c ACC  |i 072197  |u 20250521 
901 |a 072198  |b IT1  |c ACC  |i 072198  |u 20250521 
902 |a https://opac.biblio.iteso.mx/vufind/Record/000248525